<?xml version="1.0" encoding="UTF-8"?>
<record
    xmlns:xsi="http://www.w3.org/2001/XMLSchema-instance"
    xsi:schemaLocation="http://www.loc.gov/MARC21/slim http://www.loc.gov/standards/marcxml/schema/MARC21slim.xsd"
    xmlns="http://www.loc.gov/MARC21/slim">

  <leader>01236nam a22002297a 4500</leader>
  <datafield tag="952" ind1=" " ind2=" ">
    <subfield code="0">0</subfield>
    <subfield code="1">0</subfield>
    <subfield code="2">lcc</subfield>
    <subfield code="4">0</subfield>
    <subfield code="7">0</subfield>
    <subfield code="a">15</subfield>
    <subfield code="b">15</subfield>
    <subfield code="d">2017-05-02</subfield>
    <subfield code="l">0</subfield>
    <subfield code="o">300.72 A581e</subfield>
    <subfield code="p">15 008580</subfield>
    <subfield code="r">2017-12-07</subfield>
    <subfield code="t">1</subfield>
    <subfield code="w">2017-06-07</subfield>
    <subfield code="y">LB</subfield>
  </datafield>
  <datafield tag="999" ind1=" " ind2=" ">
    <subfield code="c">102068</subfield>
    <subfield code="d">102068</subfield>
  </datafield>
  <controlfield tag="005">20231102152032.0</controlfield>
  <controlfield tag="008">170607s2012    mx  |||| |||| 00| 0 spa d</controlfield>
  <datafield tag="020" ind1=" " ind2=" ">
    <subfield code="a">9789688678398</subfield>
  </datafield>
  <datafield tag="082" ind1=" " ind2=" ">
    <subfield code="a">300.72 </subfield>
    <subfield code="b">A581e</subfield>
  </datafield>
  <datafield tag="100" ind1=" " ind2=" ">
    <subfield code="a">Angrosino Michael </subfield>
  </datafield>
  <datafield tag="245" ind1=" " ind2=" ">
    <subfield code="a">Etnograf&#xED;a y observaci&#xF3;n participante en investigaci&#xF3;n cualitativa </subfield>
    <subfield code="c"> / Angrosino Michael </subfield>
  </datafield>
  <datafield tag="250" ind1=" " ind2=" ">
    <subfield code="a">1 Edici&#xF3;n </subfield>
  </datafield>
  <datafield tag="260" ind1=" " ind2=" ">
    <subfield code="a">Madrid</subfield>
    <subfield code="b"> : Morata</subfield>
    <subfield code="c"> , 2012</subfield>
  </datafield>
  <datafield tag="300" ind1=" " ind2=" ">
    <subfield code="a">143 p&#xE1;ginas </subfield>
  </datafield>
  <datafield tag="504" ind1=" " ind2=" ">
    <subfield code="a">Incluye bibliograf&#xED;a pp 8-143</subfield>
  </datafield>
  <datafield tag="505" ind1=" " ind2=" ">
    <subfield code="a">Etnograf&#xED;a y observaci&#xF3;n participante
&#xBF;Qu&#xE9; tipos de temas pueden estudiar de manera eficaz y eficiente los m&#xE9;todos etnogr&#xE1;ficos?
La selecci&#xF3;n de un emplazamiento de campo 
La recogida de datos en el campo
Enfoque en la observaci&#xF3;n 
El an&#xE1;lisis de datos etnogr&#xE1;ficos
Estrategias para reprensentar datos etnogr&#xE1;ficos
Consideraci&#xF3;nes &#xE9;ticas
Una etnograf&#xED;a para el siglo XXI </subfield>
  </datafield>
  <datafield tag="519" ind1=" " ind2=" ">
    <subfield code="a">Material Complementario </subfield>
    <subfield code="d">(15 008580)</subfield>
  </datafield>
  <datafield tag="650" ind1="1" ind2="4">
    <subfield code="a">ETNOGRAF&#xCD;A Y OBSERVACI&#xD3;N PARTICIPANTE</subfield>
  </datafield>
  <datafield tag="650" ind1="1" ind2="4">
    <subfield code="a">&#xBF;QU&#xC9; TIPOS DE TEMAS PUEDEN ESTUDIAR DE MANERA EFICAZ Y EFICIENTE LOS M&#xC9;TODOS ETNOGR&#xC1;FICOS?</subfield>
  </datafield>
  <datafield tag="942" ind1=" " ind2=" ">
    <subfield code="c">LB</subfield>
    <subfield code="2">lcc</subfield>
  </datafield>
</record>
